000
00291nam a22001337a 4500
008
181017b xxu||||| |||| 00| 0 eng d
020
_a
9780471441076
041
_a
eng
080
_2
7 ED
_a
910
100
_a
42
101
_a
GEO
245
_a
Human Geography
_c
Blij.H.J
942
_2
udc
_c
BK
999
_c
50076
_d
50076